Итоги и перспективы деятельности по созданию и реализации комплексных программ "Здоровье". Т. 2 (Запись № 9560954)
[ простой вид ]
| 000 -МАРКЕР | |
|---|---|
| контрольное поле | 01234nam2a22002411 4500 |
| 001 - ИДЕНТИФИКАТОР ЗАПИСИ | |
| контрольное поле | rc\336111 |
| 005 - ИДЕНТИФИКАТОР ВЕРСИИ | |
| контрольное поле | 20250612171914.0 |
| 035 ## - ДРУГИЕ СИСТЕМНЫЕ НОМЕРА | |
| Идентификатор записи | (NLR Aleph) 008748761 |
| 100 ## - ДАННЫЕ ОБЩЕЙ ОБРАБОТКИ | |
| Данные общей обработки | 20030307d1989 |||y0rusy50 ca |
| 101 0# - ЯЗЫК РЕСУРСА | |
| Язык текста, звукозаписи и т.д. | русский |
| 102 ## - СТРАНА ПУБЛИКАЦИИ ИЛИ ПРОИЗВОДСТВА | |
| Страна публикации | Российская Федерация |
| 105 ## - ПОЛЕ КОДИРОВАННЫХ ДАННЫХ: ТЕКСТОВЫЕ МАТЕРИАЛЫ, МОНОГРАФИЧЕСКИЕ | |
| Кодированные данные о монографическом текстовом документе | y ||||||||| |
| 200 0# - ЗАГЛАВИЕ И СВЕДЕНИЯ ОБ ОТВЕТСТВЕННОСТИ | |
| Основное заглавие | Т. 2 |
| 210 ## - ПУБЛИКАЦИЯ, РАСПРОСТРАНЕНИЕ И ДР. | |
| Место издания, распространения и т.д. | Новокузнецк |
| -- | Новосибирск |
| Дата издания, распространения и т.д. | 1989 |
| 215 ## - ФИЗИЧЕСКАЯ ХАРАКТЕРИСТИКА | |
| Специфическое обозначение материала и объем | 84, [1] с. |
| 300 ## - ОБЩИЕ ПРИМЕЧАНИЯ | |
| Текст примечания | Список авт.: с. 84-85 |
| 461 #0 - УРОВЕНЬ НАБОРА | |
| Встроенное поле | 001rc\336109 |
| -- | 2001#$aИтоги и перспективы деятельности по созданию и реализации комплексных программ "Здоровье"$e(Тез. докл. к науч.-практ. конф.)$f[Редкол.: Ю.П. Дощицин и др.]$vТ. 2 |
| Системный номер (АБИС) связанной записи | 7952838 |
| Место публикации | Новокузнецк |
| Дата публикации | 1989- |
| Первые сведения об ответственности | [Редкол.: Ю.П. Дощицин и др.] |
| Имя издателя, распространителя и т.д. | СО АМН СССР |
| Сведения, относящиеся к заглавию | (Тез. докл. к науч.-практ. конф.) |
| Заглавие | Итоги и перспективы деятельности по созданию и реализации комплексных программ "Здоровье" |
| Номер тома | Т. 2 |
| 801 #0 - ИСТОЧНИК ЗАПИСИ | |
| Страна | Российская Федерация |
| Организация | NLR |
| Правила каталогизации | psbo |
| 801 #1 - ИСТОЧНИК ЗАПИСИ | |
| Страна | Российская Федерация |
| Организация | ELAR |
| Источник данных | rusmarc |
| 852 ## - МЕСТОНАХОЖДЕНИЕ И ШИФР ХРАНЕНИЯ | |
| Идентификатор организации | NLR |
| Шифр хранения (Call Number) | 83-3/13214 |
| 942 ## - ДОПОЛНИТЕЛЬНЫЕ ЭЛЕМЕНТЫ ЗАПИСИ (АБИС) | |
| Тип экземпляра АБИС | Книга |
| 980 ## - КОЛЛЕКЦИЯ | |
| Название коллекции | Национальная библиография |
| Тип экземпляра | Дата поступления | Библиотека постоянного хранения | Библиотека текущего хранения | Место хранения | Шифр хранения | Штрих-код | Статус экземпляра |
|---|---|---|---|---|---|---|---|
| Книга | 26.10.2013 | РНБ (Московский) | РНБ (Московский) | Русский книжный фонд: издания с 1957 года | 83-3/13214 | 8748761-10 |